00653cam a22002051 4500001000800000005001700008008004100025041001100066050001800077082000800095100003300103245009200136260003000228300002700258500004400285650001500329650001500344650003200359710005600391122171120241114200243.0720107s1959 nyua 000 0 eng 1 aengfre00aBD512 b.T41300a1132 aTeilhard de Chardin, Pierre.14aThe phenomenon of man.cWith an introd. by Julian Huxley. [Translation by Bernard Wall] aNew York,bHarperc[1959] a320 p.billus.c22 cm. aTranslation of Le phénomène humain. 0aCosmology. 0aEvolution. 0aPhilosophical anthropology.2 aRalph Ellison Collection (Library of Congress)5DLC